| 000 -LEADER |
| fixed length control field |
00866nam a22002177a 4500 |
| 003 - CONTROL NUMBER IDENTIFIER |
| control field |
OSt |
| 005 - DATE AND TIME OF LATEST TRANSACTION |
| control field |
20191007120947.0 |
| 008 - FIXED-LENGTH DATA ELEMENTS--GENERAL INFORMATION |
| fixed length control field |
180226b xxu||||| |||| 00| 0 spa d |
| 020 ## - INTERNATIONAL STANDARD BOOK NUMBER |
| International Standard Book Number |
9501412245 |
| 040 ## - CATALOGING SOURCE |
| Transcribing agency |
PJ |
| 100 ## - ASIENTO PRINCIPAL - NOMBRE DE PERSONA |
| 9 (RLIN) |
2262 |
| Personal name |
Couture, Eduardo J. |
| 245 10 - MENCIÓN DE TÍTULO |
| Título propiamente dicho |
Introduccción al estudio del proceso civil / |
| Mención de responsabilidad, etc |
Eduardo J. Couture. |
| 260 ## - PUBLICATION, DISTRIBUTION, ETC. (IMPRINT) |
| Place of publication, distribution, etc |
Buenos Aires : |
| Name of publisher, distributor, etc |
Depalma, |
| Date of publication, distribution, etc |
1988. |
| 300 ## - DESCRIPCION FISICA |
| Extent |
102 p. ; |
| Dimensions |
20 cm. |
| 505 ## - FORMATTED CONTENTS NOTE |
| Formatted contents note |
Contenido:<br/>La acción en la justicia -- La defensa en juicio -- El proceso -- La sentencia -- Apéndice: Debate con ocasión de la última conferencia, realizada el 6 de abril de 1949, bajo la presidencia del profesor Henri Solus. |
| 650 #0 - ASIENTO SECUNDARIO DE MATERIA - TERMINO TEMATICO |
| 9 (RLIN) |
1148 |
| Topical term or geographic name as entry element |
DERECHO PROCESAL CIVIL |
| 650 #0 - ASIENTO SECUNDARIO DE MATERIA - TERMINO TEMATICO |
| 9 (RLIN) |
2401 |
| Topical term or geographic name as entry element |
PROCESO JUDICIAL |
| 650 #0 - ASIENTO SECUNDARIO DE MATERIA - TERMINO TEMATICO |
| 9 (RLIN) |
1953 |
| Topical term or geographic name as entry element |
PROCEDIMIENTO CIVIL |
| 650 #0 - ASIENTO SECUNDARIO DE MATERIA - TERMINO TEMATICO |
| 9 (RLIN) |
2095 |
| Topical term or geographic name as entry element |
SENTENCIA |
| 942 ## - ADDED ENTRY ELEMENTS (KOHA) |
| Source of classification or shelving scheme |
|
| Koha item type |
Libros |
| Classification part |
347.91/.95 |
| Item part |
COU |